Statistics for Guess the Taylor Swift song with no hint 88

Click here to take the quiz!

General Stats

  • This quiz has been taken 354 times
  • The average score is 353 of 408

Answer Stats

Answer% Correct
"I
100%
I
100%
a
99%
it
99%
you"
99%
You
99%
you
99%
And
98%
me
98%
the
98%
in
97%
In
97%
to
97%
your
97%
love
96%
that
96%
be
95%
it's
95%
It's
95%
like
95%
my
95%
He
94%
what
94%
What
94%
I'm
93%
"I'm
93%
No
93%
of
93%
for
92%
know
92%
don't
91%
just
90%
Said
90%
But
89%
but
89%
ever
89%
if
89%
We're
89%
not
88%
So
88%
thing
88%
With
88%
with
88%
I've
87%
up
87%
(oh)
86%
from
86%
got
86%
Oh
86%
oh
86%
(oh)
86%
ooh
86%
say
86%
want
86%
whoa
86%
back
84%
Every
84%
night
84%
car
83%
cruel
83%
summer
83%
that's
83%
their
83%
wanna
82%
baby
81%
home
81%
body
80%
devil
80%
keep
80%
looks
80%
out
80%
tell
80%
wasn't
80%
blue
79%
coming
79%
feeling
79%
heard?
79%
worst
79%
ain't
78%
bar
78%
doesn't
78%
drunk
78%
fine"
78%
new
78%
shape
78%
true
78%
you'll
78%
always
77%
cried
77%
more
77%
secrets
77%
whatever
77%
bad
76%
Bad
76%
eyes
76%
garden
76%
gate
76%
kill
76%
last
76%
makes
76%
through
76%
waiting
76%
worth
76%
dream
75%
fate
75%
grinning
75%
seal
75%
angels
74%
boy
74%
dice
74%
high
74%
roll
74%
rules
74%
Devil's
73%
Devils
73%
head
73%
heaven
73%
snuck
73%
window
73%
'em
72%
screamed
72%
slow
71%
these
71%
we'll
71%
bleed
70%
cool
70%
Shiny
70%
times
70%
toy
70%
below
69%
bought
69%
cut
69%
Fever
69%
quiet
69%
breakable
68%
machine
68%
price
68%
Killing
67%
caught
66%
low
66%
trying
66%
vending
66%
glow
65%
knife
64%
bone
63%
summer's
63%
Hang
60%
dying
59%
screw
59%
headlights
57%

Score Distribution

Percentile by Number Answered

Percent of People with Each Score

Your Score History

You have not taken this quiz